000 00481nam a2200169 i 4500
001 52015
003 ES-MaACL
005 20230906162505.0
007 t|
008 030822s1913 it ||||1| ita d
100 1 _aChiovenda, Giuseppe.
_938538
245 1 0 _aPrincipii di diritto procesuale civile /
_cdi Giuseppe Chiorenda.
250 _a3ª ed.
260 _aNapoli :
_bCasa Editrice Nicolás Jovene y Cº,
_c1913.
300 _a1072 p. ;
_c24 cm.
852 _aES-MaACL
_jF-1011
999 _c52015
_d52015